000 00354 a2200133 4500
005 20250628093535.0
020 _a978-1-25-907721-0
082 _a338 BUS
111 _aRYERSON UNIVERSITY
245 _aBUS800-Strategic Management
260 _aNew York
_bMcGraw-Hill Ryerson Limited
_c2012
300 _aii; 523Pages
_bIllustration
_c24cm
942 _2ddc
_cBKS
999 _c5927
_d5927